• 首页
  • 本馆介绍
  • 公告通知
  • 最新文献
  • 馆藏检索
  • 电子资源
  • 读者导购
  • 参考咨询
  • 我的图书馆
  • 登录
  • 详细信息显示
  • 放入我的书架
  • 预约/预借图书
  • 作者相关作品
  • 分类相关作品
  • 丛书相关作品
  • 出版社相关作品

书目信息

  • 表格格式
  • 工作单格式
  • 卡片格式
题名:
汉魏六朝散文选
    
 
作者: 陈中凡选 注
分册:  
出版信息:   古典文学出版社  1957
页数: 309页
开本: 20cm
丛书名:
单 册:
中图分类: I263.4
科图分类:
主题词: 散文--中国 , 散文--作品综合集--中国
电子资源:
ISBN:
000 00551nam0 2200193 450
001 0630818874
005 20060914083433.07
010    @dCNY0.85
100    @a20060914d1957 km y0chiy0120 ea
101 0  @achi
200 1  @a汉魏六朝散文选@Ahan wei liu chao san wen xuan@f陈中凡选注@Fchen zhong fan xuan zhu
210    @c古典文学出版社@d1957
215    @a309页@d20cm
606 0  @a散文@x中国
606 0  @a散文@x作品综合集@x中国
690    @aI263.4@v3
701  0 @a陈中凡选@Achen zhong fan xuan@4注
801  0 @aCN@bPFT@c20060914
905    @a10447@dI263.4@e938
    
    汉魏六朝散文选/陈中凡选注.-古典文学出版社,1957
    309页;20cm
    
    
    ISBN :CNY0.85
    
●
相关链接 在E读中查询图书 在五车中查询图书 在当当中查询图书 在豆瓣中查询图书


正题名:汉魏六朝散文选     索取号:I263.4/938         预约/预借

序号 登录号 条形码 馆藏地/架位号 状态 备注
1 0474386   204743867   密集书库/ [索取号:I263.4/938] 在馆    
唐山师范学院图书馆 欢迎您!
大连网信软件有限公司© 版权所有